000 00537nam a2200181Ia 4500
008 151018s9999 xx 000 0 und d
082 _bRBASDV21706
_a891.463
100 _aश्री स जोशी
245 _aमहाराज
250 _b1
260 _bगुलमोहर प्रकाशन सातारा
_c1987
300 _a147
600 _aश्री स जोशी
630 _aमहाराज
700 _aश्री स जोशी
730 _aमहाराज
942 _cBOOK
999 _c1021385
_d1021382